[Event "Landesliga U20 Sued 1516"]
[Site "Bayern"]
[Date "2016.01.23"]
[Round "4.3"]
[White "Pils, Markus"]
[Black "Daenekamp, Felix"]
[Result "1-0"]
[WhiteElo "1656"]
[BlackElo "1589"]
[PlyCount "33"]
[EventDate "2015.11.21"]
[EventType "team-tourn"]
[EventRounds "7"]
[EventCountry "GER"]
[SourceTitle "EXT 2022"]
[Source "ChessBase"]
[SourceDate "2021.10.06"]
[SourceVersion "1"]
[SourceVersionDate "2021.10.06"]
[SourceQuality "1"]
[WhiteTeam "Weilheim U20"]
[BlackTeam "Ebersberg Grafing U20"]
[WhiteTeamCountry "GER"]
[BlackTeamCountry "GER"]

1. e4 c5 2. Nc3 Nc6 3. f4 d6 4. Nf3 g6 5. Bb5 Bg7 6. 0-0 f5 7. d3 e5 8. Qe2 exf4 9. exf5+ Qe7 10. Qxe7+ Ngxe7 11. Bxf4 0-0 12. Bxd6 Rxf5 13. Rae1 Rf7 14. Bc4 Nf5 15. Re8+ Bf8 16. Rxf8+ Kg7 17. Rxf7+ 1-0